2001: A Space Odyssey Quiz Stats

 Plays Quiz Updated Feb 7, 2020

Support Sporcle.
Go Orange.
Score 0/27 Timer 10:00
0 Plays Today
Clue Answer % Correct
Director of this film, as well as 'Dr. Strangelove' & 'Eyes Wide Shut'?Stanley Kubrick
89.3%
Year in which the film was originally released?1968
87.9%
At the end of a climactic battle in this section, a triumphant apeman tosses what object into the air?A bone
72.9%
The movie then jumps 18 months ahead, aboard the Discovery One spaceship approaching which planet?Jupiter
68%
Number of Academy Award nominations the film received?4
59.1%
What is the name and number of the computer that runs the ship?HAL 9000
58.7%
1984 sequel to the movie?2010
57.9%
Co-writer of the film, he also wrote the sci-fi classic novel 'Childhood's End'?Arthur C Clarke
53.1%
Dave meets older & older versions of himself. On his deathbed he sees the same monolith seen previously on the moon and by the apemen. What color and shape is it?Black cuboid
49.6%
Dave leaves the ship and undergoes an almost psychedelic journey, ending up in a bedroom decorated in the style of which French King?Louis XVI
46.1%
That object, in one of filmdom's most famous edits, switches to a space shuttle run by which real-life (now defunct) airline?Pan-Am
46%
After an incident we won't spoil, Dave removes the computer's memory modules.
What is the last song we hear the computer sing?
Daisy Bell
45.9%
In a balletic sequence, that shuttle docks to a revolving space station.
What famous classical waltz is heard?
The Blue Danube
44.9%
Aboard the shuttle, Dr. Haywood Floyd tensely
reads a long set of instructions for use of a zero-gravity what?
Toilet
43.5%
Clue Answer % Correct
Only category in which it won?Best Visual Effects
40.4%
In 1975, seven years after the single's initial release, what David Bowie song, whose title was inspired by this film, reached #1 in England?Space Oddity
40%
Written by which composer?Johann Strauss II
38%
Subtitle (and era) of the first section of the film set in ancient Africa?The Dawn Of Man
34.7%
Dave seems to become a floating glowing giant embryo approaching the Earth.
What name is given to this creature by the author?
Starchild
33.5%
Which actor plays Dave Bowman, one of the two conscious astronauts on board the ship?Keir Dullea
25.5%
Name of the classical music heard during this final sequence and the opening titles?Also Sprach Zarathustra
23.8%
Short story by the co-writer above on which the movie was based?The Sentinel
17.5%
On the moon, Floyd investigates an extraterrestrial object known as TMA-1.
What moon crater does the 'T' in TMA stand for?
Tycho
10.4%
In 1976, Marvel Comics published a short-lived adaptation based on ideas from the film. What comic book legend wrote and drew the series?Jack Kirby
10.2%
This actor provided the computer's voice in both movies.Douglas Rain
9.8%
Tradename for the widescreen process in which the movie was filmed?Cinerama
7.2%
In 1973, which Brazillian composer/arranger had a #2 US hit with music from the movie?Deodato
3%

From the Vault

'Little' Song Titles

by JoeBeta

Music 6m
And they're all made out of ticky tacky, and they all look just the same.
Remove Ads.
Support Sporcle.
Get the best of Sporcle when you Go Orange. This ad-free experience offers more features, more stats, and more fun while also helping to support Sporcle. Thank you for becoming a member.

Show Comments

Extras

Top Quizzes Today


Score Distribution

Your Account Isn't Verified!

In order to create a playlist on Sporcle, you need to verify the email address you used during registration. Go to your Sporcle Settings to finish the process.

Report this User

Report this user for behavior that violates our Community Guidelines.

Details: